| 000 | 01958cam a22004697a 4500 | ||
|---|---|---|---|
| 001 | 42 | ||
| 003 | FISKH | ||
| 005 | 20230209161556.0 | ||
| 008 | 091207s2009 nyua j 6 000 1 eng d | ||
| 010 | _a 2009282211 | ||
| 020 | _a9781597071390 (hardcover) | ||
| 020 | _a1597071390 (hardcover) | ||
| 020 | _a9781597071383 (pbk.) | ||
| 020 | _a1597071382 (pbk.) | ||
| 035 | _a(OCoLC)ocn234441742 | ||
| 040 |
_aBTCTA _cBTCTA _dBAKER _dFTL _dUPZ _dNBO _dDLC _dFISKH _beng |
||
| 042 | _alccopycat | ||
| 043 | _an-us-dc | ||
| 050 | 0 | 0 |
_aPZ7.7.L62 _bSh 2009 |
| 050 | 0 | 0 |
_aPN6728 _b.H37 |
| 082 | 0 | 0 |
_a741.5 _223 |
| 082 | 0 | 4 |
_a741.5/973 _222 |
| 100 | 1 |
_aLobdell, Scott. _d1960 |
|
| 245 | 1 | 0 |
_aShhhhhhh! / _cScott Lobdell, writer ; Paulo Henrique Marcondes, artist ; [Mark Lerer, letterer ; Laurie E. Smith, colorist]. |
| 260 |
_aNew York : _bPapercutz, _c2009. |
||
| 300 |
_a1 v. (unpaged) : _bchiefly col. ill. ; _c20 cm. |
||
| 490 | 0 |
_aThe Hardy Boys undercover brothers ; _v#16 |
|
| 500 | _a"Based on the series by Franklin W. Dixon." | ||
| 520 | _aJoe and Frank find themselves on the strangest bodyguard duty ever--protecting the five children of a visiting dignitary during a field trip to the National Library of Education in Washington, D.C. It might sound easy, but before this assignment is done, they're going to need help from the most unexpected ally of all ... their mom, librarian Laura Hardy! | ||
| 521 |
_a540 _bLexile |
||
| 521 |
_a M _bRaz-Paz |
||
| 650 | 0 |
_aHardy Boys (Fictitious characters) _vJuvenile fiction. |
|
| 650 | 0 |
_aNational libraries _vComic books, strips, etc. |
|
| 650 | 0 |
_aTeenagers _vComic books, strips, etc. |
|
| 651 | 0 |
_aWashington (D.C.) _vComic books, strips, etc. |
|
| 655 | 0 | _aDetective and mystery comic books, strips, etc. | |
| 655 | 0 | _aGraphic novels. | |
| 700 | 1 | _aDixon, Franklin W. | |
| 700 | 1 |
_aMarcondes, Paulo H. _eill. |
|
| 906 |
_a7 _bcbc _ccopycat _d2 _encip _f20 _gy-gencatlg |
||
| 942 |
_2lcc _cBK _n0 |
||
| 999 |
_c42 _d42 |
||